Trujillo en 500 tuits (Record no. 7543)

MARC details
000 -LEADER
campo de control de longitud fija 00354nam a2200145Ia 4500
001 - NÚMERO DE CONTROL
campo de control 4114
008 - DATOS DE LONGITUD FIJA--INFORMACIÓN GENERAL
campo de control de longitud fija 241024s9999 xx 000 0 und d
020 ## - NÚMERO INTERNACIONAL ESTÁNDAR DEL LIBRO
Número Internacional Estándar del Libro 978-9945-8658-1-0
082 ## - NÚMERO DE LA CLASIFICACIÓN DECIMAL DEWEY
Número de clasificación RD/972.97293/B142t
100 ## - ENTRADA PRINCIPAL--NOMBRE DE PERSONA
Nombre de persona Carlos Baez
245 #0 - MENCIÓN DEL TÍTULO
Título Trujillo en 500 tuits
260 ## - PUBLICACIÓN, DISTRIBUCIÓN, ETC.
Nombre del editor, distribuidor, etc. Editora Buho
Fecha de publicación, distribución, etc. 2016
901 ## - ELEMENTOS DE DATOS A LOCAL LDA (RLIN)
a 15/7/2016 12:14:11 p.m.

No items available.

© 2024. Todos los Derechos Reservados. Desarrollado por IDEICE